MDQL
is popping MORE tags! Check the
thread
!
Quizzes
Events
Quiz Creation
Community
Videos
Private Events
Remove Ads
Sign In
Join for FREE
Feedback
Dark Mode
Quiz Categories
Sports
Geography
Music
Movies
Television
Just For Fun
Miscellaneous
History
Literature
Language
Science
Gaming
Entertainment
Religion
Holiday
For Kids
Quiz Lab
Recent
Popular Today
Quiz Kudos Today
Editor Picks
Curator Picks
Quizzes by...
Day
Popularity
Type
Ratings
Length
Year
Community
Subscriptions
Recent Discussions
Orange Saloon
Badges
Playlists
Quests
Create
Leaderboards
Showdown
Live 5
Trivia Bingo
Activity
Puzzle Library
Sporcle Events
Private Events
Virtual Trivia
Globe League
Become a Host
Pub Owners
SporcleCon
Opinionation
Our Games
Videos
Blog
Mobile Apps
Partnerships
Remove Ads and Go Orange
Feedback
Sports
Athletes
MLB
NBA
NHL
NFL
Soccer
Sports Teams
WWE
NCAA
Football
Premier League
Basketball
Baseball
Hockey
Golf
Tennis
Cricket
Rugby
Auto Racing
Olympics
World Cup
Sports
Athletes
MLB
NBA
NHL
NFL
Soccer
Sports Teams
WWE
NCAA
Football
Premier League
Basketball
Baseball
Hockey
Golf
Tennis
Cricket
Rugby
Auto Racing
Olympics
World Cup
Random Quiz
Search Sporcle
×
Quiz Lab
Quiz Lab
Sports
Award
Type in answers that appear in a list
Type in answers that appear in a list
Classic
Best Score? Go Orange.
2010 This Year in Baseball Awards Stats
Can you name the 2010 GIBBY Awards?
By
caccavale2
12m
80 Questions
71 Plays
71 Plays
71 Plays
Comments
Comments
Give Quiz Kudos
Give Quiz Kudos
-
- Ratings
hide this ad
More Info
Forced Order
Answers have to be entered in order
Answers have to be entered in order
Replay
Link that replays current quiz
Next Quiz
Link to next quiz in quiz playlist
You Got
0%
They Got
Avg Score
53%
Avg Friend Score
Upgrade to see
Score Distribution
Jump to the score distribution portion of the page
Score
0/80
Timer
12:00
0
Plays Today
Category
Player
% Correct
Player of the Year
JOSH HAMILTON
97.2%
Starter of the Year
ROY HALLADAY
97.2%
Starter of the Year
CC Sabathia
97.2%
Player of the Year
Albert Pujols
95.8%
Starter of the Year
Felix Hernandez
95.8%
Player of the Year
Joey Votto
94.4%
Starter of the Year
Adam Wainwright
94.4%
Player of the Year
Robinson Cano
93%
Player of the Year
Miguel Cabrera
93%
Starter of the Year
David Price
93%
Breakout Player of the Year
Jose Bautista
91.5%
Breakout Player of the Year
CARLOS GONZALEZ
87.3%
Rookie of the Year
BUSTER POSEY
78.9%
Dependable Player of the Year
ICHIRO SUZUKI
77.5%
Dependable Player of the Year
Felix Hernandez
76.1%
Closer of the Year
BRIAN WILSON
74.6%
Closer of the Year
Mariano Rivera
74.6%
Dependable Player of the Year
Roy Halladay
73.2%
Dependable Player of the Year
CC Sabathia
71.8%
Manager of the Year
Bobby Cox
71.8%
Postseason MVP
TIM LINCECUM
70.4%
Rookie of the Year
Jason Heyward
69%
Defensive Player of the Year
ELVIS ANDRUS
67.6%
Closer of the Year
Neftali Feliz
66.2%
Manager of the Year
Ron Washington
64.8%
Defensive Player of the Year
Ryan Zimmerman
63.4%
Rookie of the Year
Neftali Feliz
63.4%
Moment of the Year
Bobby Cox
63.4%
Closer of the Year
Heath Bell
62%
Defensive Player of the Year
Mark Teixeira
60.6%
Closer of the Year
Rafael Soriano
60.6%
Manager of the Year
BRUCE BOCHY
59.2%
Manager of the Year
Ron Gardenhire
59.2%
Game of the Year
PIRATES VS. NATIONALS
59.2%
Breakout Player of the Year
Mat Latos
56.3%
Postseason MVP
Robinson Cano
56.3%
Play of the Year
MARK BUEHRLE
56.3%
Game of the Year
Marlins vs. Phillies
56.3%
Moment of the Year
DALLAS BRADEN
54.9%
Game of the Year
Yankees vs. Rays
53.5%
Category
Player
% Correct
Rookie of the Year
Austin Jackson
50.7%
Breakout Player of the Year
Trevor Cahill
49.3%
Rookie of the Year
Jamie Garcia
49.3%
Play of the Year
Ryan Braun
49.3%
Dependable Player of the Year
Neftali Feliz
47.9%
Breakout Player of the Year
C.J. Wilson
45.1%
Setup Man of the Year
Daniel Bard
45.1%
Defensive Player of the Year
Yadier Molina
45.1%
Postseason MVP
Cody Ross
45.1%
Play of the Year
Josh Hamilton
45.1%
Performance of the Year
Roy Halladay
45.1%
Manager of the Year
Bud Black
43.7%
Postseason MVP
Matt Cain
42.3%
Performance of the Year
Carlos Gonzalez
39.4%
Performance of the Year
Dallas Braden
39.4%
Defensive Player of the Year
Franklin Gutierrez
38%
X-
Factor of the Year
Brett Gardner
38%
Performance of the Year
Ubaldo Jimenez
38%
X-
Factor of the Year
CARLOS RUIZ
35.2%
Play of the Year
Nyger Morgan
35.2%
Performance of the Year
ARMANDO GALARRAGA
33.8%
Game of the Year
Cardinals vs. Rockies
33.8%
Game of the Year
Reds vs. Braves
32.4%
Setup Man of the Year
JOAQUIN BENOIT
31%
Postseason MVP
Colby Lewis
26.8%
X-
Factor of the Year
Omar Infante
26.8%
Executive of the Year
BRIAN SABEAN
25.4%
Setup Man of the Year
Hong-Chih Kuo
23.9%
Play of the Year
Asdrubal Cabrera
23.9%
X-
Factor of the Year
Pat Burrell
22.5%
Setup Man of the Year
Mike Adams
21.1%
Setup Man of the Year
Luke Gregerson
21.1%
Executive of the Year
Andrew Friedman
21.1%
Executive of the Year
Jon Daniels
19.7%
Executive of the Year
Walt Jocketty
19.7%
Executive of the Year
Jed Hoyer
16.9%
X-
Factor of the Year
Danny Valencia
15.5%
Moment of the Year
Daniel Nava
12.7%
Moment of the Year
Trevor Hoffman
12.7%
Moment of the Year
Chris Nelson
5.6%
Quiz Playlist
Details
Report
Send in Message
Add To Playlist
More Info:
The 2010 Greatness in Baseball Yearly Awards or better known as the This Year in Baseball Awards
Classic:
Type in answers that appear in a list
Forced Order:
Answers have to be entered in order
Quiz Source
Last Updated: Feb 16, 2017
Quiz Scoreboard
CHALLENGE
Sign Up to Join the Scoreboard
Show All
Scores
Hide
Comments
May contain spoilers
Recently Published
1-10 Letter E Words III
by El_Dandy
Language
2m
Street Fighter Characters
by Artimus82
Gaming
60s
College Basketball Coaching Resumes
by pancakes188
Sports
9m
More to Explore
Quiz From the Vault
Featured Blog Post
Where Did the Easter Bunny Come From?
hide this ad
You Might Also Like...
Tags
2010
Award
Category
Player
team
Today's Top Quizzes in Sports
Browse Sports
hide this ad
Today's Top Quizzes in Award
Browse Award
Top Contributed Quizzes in Sports
1
2022 World Cup Stars
2
Les meilleurs buteurs des matchs entre le PSG et l’OM
3
FIFA Club World Cup Champions
4
Les entraîneurs de l'OM et du PSG au 21e siècle
5
Criteria MLB: Left Handed Sluggers
6
2023 MLB Unique Player Accomplishments
7
AFC Teams Reveal (Wrong Answers Minefield)
8
Players with Multiple 50 Home Run Seasons
9
5-to-1: FBS Animal Nicknames
10
5-to-1: UK Sports Teams
Explore More
Trending Topics
Marvel
Disney
NBA
Harry Potter
Anime
Kpop
Crossword
Pokémon
WWE
NFL
Country
Soccer
Song
Puzzle
The Office
hide this ad
More By:
caccavale2
Quiz
Plays
Rating
Category
Featured
Created
AL All Star SS's
3,283
2.94
Sports
Jun 1, 2010
2011 MLB Breakout Stars
464
2.00
Sports
Nov 12, 2010
2010 MLB Silver Sluggers
333
4.17
Sports
Nov 11, 2010
2010 NL Cy Young
272
5.00
Sports
Nov 16, 2010
2010 AL Cy Young
127
3.50
Sports
Jul 29, 2011
Go to Creator's Profile
Score Distribution
Quiz Creator Spotlight
caccavale2
Follow
Send a Message
Quizzes Created
-
Created Quiz Play Count
-
More By This Creator
Popular Quizzes Today
1
Find the US States - No Outlines Minefield
2
Find the Countries of Europe - No Outlines Minefield
3
The Countries of the World
4
Find the US States
5
Risky Map Clicking: Biggest States A-Z
6
US States
7
Popular People in 1961
8
Movies - When Are They Set?
More Sports Quizzes
NBA 2022 50 Point Games
Quiz Lab
Trending Quizzes
Risky Map Clicking: Least Populous States A-Z
USA Borders Longest to Shortest
1-10 Letter G Words
1-10 Letter F Words
Countries of the World: 200 Million BC
Recently Updated
Leaping Animals
pecheneg
Reality TV Shows (A-Z)
bhenderson79
Rickey Henderson's Hall of Fame Teammates
pecheneg
Champions League XIs: Arsenal
pecheneg
Quick Pick: Celebrities in WWE's Hall of Fame
aduchscher
A-Z Keypad Blitz II
pecheneg
Multiple Oscar Actors
pecheneg
Mystery Phrase Blitz: Oscar 'Best Actors'
pecheneg
F. Scott Fitzgerald Novels
LTH
Pick 3 Villains
ddd62291
Trending Topics
Marvel
Kpop
Anime
Harry Potter
Crossword
NBA
Disney
NFL
WWE
The Office
Song
Soccer
Puzzle
Pokémon
Country
Your Account Isn't Verified!
In order to create a playlist on Sporcle, you need to verify the email address you used during registration. Go to your
Sporcle Settings
to finish the process.
Report this User
Report this user for behavior that violates our
Community Guidelines
.
Details:
Send Report
Go to the Sporcle.com Mobile Site →
Comments